ARRUPE JESUIT UNIVERSITY

CORONAVIRUS -STOP THE SPREAD - CLEAN,DISINFECT,COVER

Religion and politics in Harare, 1890-1980 / (Record no. 125372)

MARC details
000 -LEADER
fixed length control field 01052cam a2200289 a 4500
001 - CONTROL NUMBER
control field 4051480
003 - CONTROL NUMBER IDENTIFIER
control field ARRUPE
005 - DATE AND TIME OF LATEST TRANSACTION
control field 20160927113206.0
008 - FIXED-LENGTH DATA ELEMENTS--GENERAL INFORMATION
fixed length control field 990420s1999 sw b 001 0 eng
010 ## - LIBRARY OF CONGRESS CONTROL NUMBER
LC control number 99198390
020 ## - INTERNATIONAL STANDARD BOOK NUMBER
International Standard Book Number 9185424528
040 ## - CATALOGING SOURCE
Original cataloging agency DLC
Transcribing agency DLC
Modifying agency DLC
043 ## - GEOGRAPHIC AREA CODE
Geographic area code f-rh---
050 00 - LIBRARY OF CONGRESS CALL NUMBER
Classification number BR1447.2.H93
Item number H35 1999
082 00 - DEWEY DECIMAL CLASSIFICATION NUMBER
Classification number 322/.1/096891
Edition number 21
300 ## - PHYSICAL DESCRIPTION
Dimensions 24 cm.
100 1# - MAIN ENTRY--PERSONAL NAME
Personal name Hallencreutz, Carl F.
9 (RLIN) 26262
245 10 - TITLE STATEMENT
Title Religion and politics in Harare, 1890-1980 /
Statement of responsibility, etc Carl Fredrik Hallencreutz.
260 ## - PUBLICATION, DISTRIBUTION, ETC. (IMPRINT)
Place of publication, distribution, etc Uppsala :
Name of publisher, distributor, etc Swedish Institute of Missionary Research,
Date of publication, distribution, etc 1999.
300 ## - PHYSICAL DESCRIPTION
Extent 502 p. ;
440 #0 - SERIES STATEMENT/ADDED ENTRY--TITLE
Title Studia missionalia Upsaliensia,
International Standard Serial Number 0585-5373 ;
Volume number/sequential designation 73
9 (RLIN) 26263
504 ## - BIBLIOGRAPHY, ETC. NOTE
Bibliography, etc Includes bibliographical references (p. 463-479) and index.
650 #0 - SUBJECT ADDED ENTRY--TOPICAL TERM
Topical term or geographic name as entry element Religion and politics
Geographic subdivision Zimbabwe
-- Harare.
9 (RLIN) 26264
651 #0 - SUBJECT ADDED ENTRY--GEOGRAPHIC NAME
Geographic name Harare (Zimbabwe)
General subdivision Church history.
9 (RLIN) 26265
906 ## - LOCAL DATA ELEMENT F, LDF (RLIN)
a 7
b cbc
c orignew
d 3
e ncip
f 19
g y-gencatlg
942 ## - ADDED ENTRY ELEMENTS (KOHA)
Source of classification or shelving scheme Library of Congress Classification
Koha item type Monograph ( Printed materials)
Holdings
Withdrawn status Lost status Source of classification or shelving scheme Damaged status Not for loan Collection code Home library Current library Shelving location Date acquired Total Checkouts Full call number Barcode Date last seen Date checked out Price effective from Koha item type
    Library of Congress Classification     Main Collection ARRUPE LIBRARY ARRUPE LIBRARY Main Collection 27/09/2016 1 BR1453.Z55 H184 46500010707 22/10/2020 14/10/2020 27/09/2016 Monograph ( Printed materials)

 

Arrupe Library. PO Box MP320 Mt Pleasant, Harare, Zimbabwe
263 242 745411|librarian@aju.ac.zw